• 首页
  • 本馆介绍
  • 公告通知
  • 最新文献
  • 馆藏检索
  • 电子资源
  • 读者导购
  • 参考咨询
  • 我的图书馆
  • 登录
  • 详细信息显示
  • 放入我的书架
  • 预约/预借图书
  • 作者相关作品
  • 分类相关作品
  • 丛书相关作品
  • 出版社相关作品

书目信息

  • 表格格式
  • 工作单格式
  • 卡片格式
题名:
陶瓷工程机械使用与维护
    
 
作者: 李伟 主编
分册: 书  
出版信息: 北京   经济管理出版社  2017
页数: 229页
开本: 26cm
丛书名: 陶瓷技术应用系列实训指导
单 册:
中图分类: TQ174.5
科图分类:
主题词: 陶瓷工业--tao ci gong ye--工程机械--维修
电子资源:
ISBN: 978-7-5096-4894-0
000 01065nam 2200241 450
001 2331241505
005 20231218144848.82
010    @a978-7-5096-4894-0@dCNY29.00, CNY58.00 (全2册)
100    @a20180815d2017 em y0chiy50 ea
101 0  @achi
102    @aCN@b110000
105    @aak z 000yy
200 1  @a陶瓷工程机械使用与维护@Atao ci gong cheng ji xie shi yong yu wei hu@h书@f李伟主编
210    @a北京@c经济管理出版社@d2017
215    @a229页@c图@d26cm
225 2  @a陶瓷技术应用系列实训指导@Atao ci ji shu ying yong xi lie shi xun zhi dao
330    @a本书介绍了陶瓷企业常用几种工程机械, 如叉车、挖掘机、装载机等设备的结构组成、技术运用、维护保养和常见故障原因与排除方法。它较系统地介绍了陶瓷企业常用工业电气设备的结构、工作原理、分类与用途, 型号及技术数据、选择、安装、运行与维护, 常见故障及处理方法等方面的专业技术常用资料。
410  0 @12001 @a陶瓷技术应用系列实训指导
606 0  @a陶瓷工业@Atao ci gong ye@x工程机械@x维修
690    @aTQ174.5@v5
701  0 @a李伟@Ali wei@4主编
801  0 @aCN@b湖北三新@c20180815
905    @aZUCC@dTQ174.5@e1:1
    
    陶瓷工程机械使用与维护.书/李伟主编.-北京:经济管理出版社,2017
    229页:图;26cm.-(陶瓷技术应用系列实训指导)
    
    
    ISBN 978-7-5096-4894-0:CNY29.00, CNY58.00 (全2册)
    本书介绍了陶瓷企业常用几种工程机械, 如叉车、挖掘机、装载机等设备的结构组成、技术运用、维护保养和常见故障原因与排除方法。它较系统地介绍了陶瓷企业常用工业电气设备的结构、工作原理、分类与用途, 型号及技术数据、选择、安装、运行与维护, 常见故障及处理方法等方面的专业技术常用资料。
●
相关链接 在五车中查询图书 在当当中查询图书 在豆瓣中查询图书


正题名:陶瓷工程机械使用与维护     索取号:TQ174.5/1:1         预约/预借

序号 登录号 条形码 馆藏地/架位号 状态 备注
1 2001456300   2001456300   204主题书屋/ [索取号:TQ174.5/1:1] 在馆    
2 2001456301   2001456301   204主题书屋/ [索取号:TQ174.5/1:1] 在馆    
3 2001456302   2001456302   204主题书屋/ [索取号:TQ174.5/1:1] 在馆    
4 2001456303   2001456303   204主题书屋/ [索取号:TQ174.5/1:1] 在馆    
5 2001456304   2001456304   204主题书屋/ [索取号:TQ174.5/1:1] 在馆    
6 2001456305   2001456305   204主题书屋/ [索取号:TQ174.5/1:1] 在馆    
7 2001456306   2001456306   204主题书屋/ [索取号:TQ174.5/1:1] 在馆    
8 2001456307   2001456307   204主题书屋/ [索取号:TQ174.5/1:1] 在馆    
9 2001456308   2001456308   204主题书屋/ [索取号:TQ174.5/1:1] 在馆    
10 2001456309   2001456309   204主题书屋/ [索取号:TQ174.5/1:1] 在馆    
11 2001456310   2001456310   204主题书屋/ [索取号:TQ174.5/1:1] 在馆    
12 2001456311   2001456311   204主题书屋/ [索取号:TQ174.5/1:1] 在馆    
13 2001456312   2001456312   204主题书屋/ [索取号:TQ174.5/1:1] 在馆    
14 2001456313   2001456313   204主题书屋/ [索取号:TQ174.5/1:1] 在馆    
15 2001456314   2001456314   204主题书屋/ [索取号:TQ174.5/1:1] 在馆    
16 2001456315   2001456315   204主题书屋/ [索取号:TQ174.5/1:1] 在馆    
17 2001456316   2001456316   204主题书屋/ [索取号:TQ174.5/1:1] 在馆    
18 2001456317   2001456317   204主题书屋/ [索取号:TQ174.5/1:1] 在馆    
19 2001456318   2001456318   204主题书屋/ [索取号:TQ174.5/1:1] 在馆    
20 2001456319   2001456319   204主题书屋/ [索取号:TQ174.5/1:1] 在馆    
山东省滨州职业学院图书馆 欢迎您!
大连网信软件有限公司© 版权所有